[Event "Moscow Tal Memorial 6th"]
[Site "Moscow"]
[Date "2011.11.23"]
[Round "7"]
[White "Gelfand, Boris"]
[Black "Kramnik, Vladimir"]
[Result "1/2-1/2"]
[WhiteElo "2744"]
[BlackElo "2800"]
[Annotator "Postny,E"]
[PlyCount "96"]
[EventDate "2011.11.16"]
[EventType "tourn"]
[EventRounds "9"]
[EventCountry "RUS"]
[EventCategory "22"]
[SourceTitle "CBM 146"]
[Source "ChessBase"]
[SourceDate "2012.01.18"]
[SourceVersion "1"]
[SourceVersionDate "2012.01.18"]
[SourceQuality "1"]

1. d4 Nf6 2. c4 e6 3. Nf3 d5 4. Nc3 Be7 5. Bf4 O-O 6. e3 Nbd7 7. Be2 dxc4 8.
O-O {This is already the third game in the current tournament in which this
position has appeared.} (8. Bxc4 a6 9. a4 c5 10. O-O cxd4 11. Qxd4 Nb6 {
proved to be okay for Black.}) 8... c5 ({Anand vs Aronian tried} 8... Nd5 {
but after} 9. Bxc4 Nxf4 10. exf4 {found himself in certain difficulties.}) 9.
dxc5 Nxc5 10. Bxc4 Qxd1 $146 {Kramnik continues to develop modern theory.} ({
In the previous round Gelfand chose} 10... a6 {being on the black side against
Aronian.}) 11. Rfxd1 b6 (11... a6 $6 12. Ne5 $14 b5 $2 13. Nc6 {[%csl Re7]})
12. Nd4 (12. Bd6 Bxd6 13. Rxd6 Bb7 14. Ne5 Rfd8 15. Rad1 Rxd6 16. Rxd6 Kf8 17.
b4 Nce4 18. Nxe4 Bxe4 $11 {[%cal Gf8e7]}) 12... Bb7 13. Rac1 (13. Ndb5 a6 14.
Nd6 Bc6 $11) 13... a6 {Covering the b5-square.} 14. b4 {White has to play
actively if he wants to make something out of his temporary advantage in
development.} Nce4 15. Nxe4 Bxe4 (15... Nxe4 $4 16. Nxe6 $1 fxe6 17. Bxe6+ Kh8
18. Rd7 $18 {[%csl Rb7,Re7]}) 16. a3 Rfc8 17. f3 (17. Nxe6 $2 b5 18. Nc7 bxc4
19. Nxa8 Bxa8 $15) 17... Bb7 18. e4 {[%csl Yb7,Ge4,Gf3] Creating a barrier
against the black light-squared bishop, as well as covering the important
square d5.} (18. Nxe6 b5 19. Nc7 bxc4 20. Nxa8 Bxa8 21. e4 {is a better
version than on the previous move, and actually very similar to what occurred
in the game later.}) 18... a5 $5 {Somewhat provocative.} ({After} 18... Kf8 19.
Bf1 a5 {Black is very close to full equality.}) 19. Nxe6 $1 {Accepting the
challenge.} (19. Nb5 axb4 20. Bd6 Kf8 21. axb4 Bc6 22. e5 Ne8 23. Bf1 Bd5 $11)
19... axb4 20. axb4 (20. Nc7 Rxa3 (20... Ra5 $2 21. Bd5 $1 Bxd5 22. Nxd5 Bc5+
23. Rxc5 Raxc5 24. Ne7+ Kf8 25. Nxc8 Rxc8 26. axb4 $16) 21. Nb5 Bc5+ 22. Kh1
Ra5 23. Nd6 Bxd6 24. Rxd6 g5 (24... Rac5 25. Rxb6 Rxc4 26. Rxc4 Rxc4 27. Rxb7
h6 28. h3 Nd5 $1 29. Bxh6 gxh6 30. exd5 Rd4 31. d6 Rxd6 32. Rxb4 {leads to a
drawish endame through some suffering for Black.}) 25. Be3 Ba6 26. Bxa6 Rxc1+
27. Bxc1 Rxa6 28. Rd8+ Kg7 29. Bb2 b5 $8 30. Rd5 Kg6 31. Rxb5 Rd6 32. h3 $14)
20... b5 $1 {Distracting the bishop.} 21. Nc7 (21. Bb3 Rxc1 22. Rxc1 fxe6 23.
Rc7 Bxe4 $1 24. Bxe6+ Kf8 25. fxe4 Ra1+ 26. Kf2 Nxe4+ 27. Kf3 Rf1+ $1 28. Kxe4
Rxf4+ 29. Kxf4 (29. Ke5 g5 $11) 29... Bd6+ 30. Ke4 Bxc7 $11) 21... bxc4 22.
Nxa8 Bxa8 23. Bd6 {The exchange of bishops favours White.} Kf8 24. Bxe7+ Kxe7
25. Rd4 c3 26. Rd3 c2 27. Rd2 {It looks like Black loses his passed pawn
without any compensation, but...} Nxe4 $1 {The key idea of Black's defence.}
28. Rdxc2 (28. fxe4 $6 Bxe4 29. Rd4 f5 {Only Black can be better here.}) 28...
Rxc2 29. Rxc2 Nd6 30. Kf2 {There is a sort of dynamic equality in this endgame.
White's passed pawn will be safely blocked.} Kd7 31. Ke3 Nb5 32. Rc5 Bc6 33.
Kd3 f6 {This is the right way to place pawns so that they cover dark squares,
while the bishop covers the light squares.} 34. Rh5 h6 35. Kc4 Nc7 36. Ra5 Kd6
37. Kd4 g5 38. Ra1 {Neither side can make any progress.} f5 39. h4 f4 40. hxg5
hxg5 41. Rh1 g4 {Massive pawn exchanges lead to a simple draw.} 42. fxg4 Bxg2
43. Rh6+ Ne6+ 44. Kd3 Bf3 45. Rf6 Bxg4 46. Ke4 f3 47. Ke3 Ke5 48. Rxf3 Bxf3
1/2-1/2

[Event "Moscow Tal Memorial 6th"]
[Site "Moscow"]
[Date "2011.11.22"]
[Round "6"]
[White "Aronian, Levon"]
[Black "Gelfand, Boris"]
[Result "1/2-1/2"]
[WhiteElo "2802"]
[BlackElo "2744"]
[Annotator "Postny,E"]
[PlyCount "80"]
[EventDate "2011.11.16"]
[EventType "tourn"]
[EventRounds "9"]
[EventCountry "RUS"]
[EventCategory "22"]
[SourceTitle "CBM 146"]
[Source "ChessBase"]
[SourceDate "2012.01.18"]
[SourceVersion "1"]
[SourceVersionDate "2012.01.18"]
[SourceQuality "1"]

1. d4 Nf6 2. c4 e6 3. Nf3 d5 4. Nc3 Be7 5. Bf4 O-O 6. e3 Nbd7 7. Be2 dxc4 8.
O-O {Levon repeats his idea that he performed against Anand few rounds ago.} (
8. Bxc4 a6 9. a4 c5 10. O-O cxd4 11. Qxd4 Nb6 {and Black equalised in all
games that were played on the theme.}) 8... c5 $1 $146 {Boris comes up with an
improvement.} ({In the afore-mentioned game Aronian-Anand after} 8... Nd5 9.
Bxc4 Nxf4 10. exf4 c5 11. dxc5 Qc7 12. g3 Qxc5 13. Qe2 {White achieved a
long-term initiative.}) 9. dxc5 Nxc5 10. Bxc4 a6 {In the next round the same
position arose with Gelfand on the white side against Kramnik. Vladimir chose
to swap queens by 10...Qxd1.} 11. Ne5 Ncd7 (11... Qxd1 {is worth checking.} 12.
Rfxd1 Rd8 (12... b5 $2 13. Nc6 bxc4 14. Nxe7+ Kh8 15. Bd6 $18) 13. Rxd8+ Bxd8
14. Rd1 Be7 15. a3 (15. b4 Nfe4 $1 16. bxc5 Nxc3 17. Rd4 Kf8) 15... b5 16. Nc6
Bf8 17. Bf1 Bb7 18. Na5 Nd5 19. Nxb7 Nxc3 20. bxc3 Nxb7 $11 {White's pair of
bishops is compensated for by his pawn weaknesses on the queenside.}) 12. Be2
$1 {The bishop is going to f3 to put pressure on Black's queenside.} Nxe5 13.
Bxe5 Qa5 14. Bg3 b5 (14... Bd7 15. Bf3 Bc6 16. Bxc6 bxc6 17. Qa4 $14) 15. Bf3
Ra7 {We reached a position that in fact has already appeared in practice
through different move orders.} 16. Ne2 $1 {An improvement over the previous
games. The knight is heading to c6.} (16. a3 Rd8 (16... Rd7 17. Qc2 Qb6 18.
Rfd1 Rxd1+ 19. Nxd1 Bb7 20. Bxb7 {1/2-1/2 Flores,D (2628)-Leitao,R (2609)/
Campinas 2011/Mega2011 Update 06}) 17. Qe2 Rad7 18. Rfd1 Qb6 19. Rxd7 Rxd7 20.
Rd1 Bb7 21. Be5 Bxf3 22. Qxf3 Rxd1+ 23. Qxd1 Qc6 24. Ne2 Nd7 25. Bc3 Nb6 26. h3
Nd5 27. Bd4 Bf8 28. Nc3 f6 29. Nxd5 Qxd5 30. Qc2 e5 {1/2-1/2 Malakhatko,V 
(2524)-Short,N (2676)/Ohrid 2001/CBM 084}) 16... Bb7 17. Bxb7 ({Black would be
happy to save his light-squared bishop from the exchange after} 17. Nd4 Nd5 {
as now the c6-square is covered.}) 17... Rxb7 18. Nd4 {[%csl Gc6]} Rd7 19. Qc2
Bd6 20. Nc6 Qb6 21. Bxd6 Rxd6 22. Rac1 Kh8 {Moving the king away from the
check on e7.} 23. Rfd1 Rxd1+ 24. Qxd1 {White has a slight, but long lasting
pressure thanks to the mighty knight on c6.} h6 (24... Rc8 25. Ne5 Rxc1 26.
Qxc1 Qb7 27. Qc5 Kg8 28. Qd6 $14) 25. g3 ({Perhaps} 25. h3 {was more precise
to cover the g4-square against a possible knight move.} Rc8 26. Ne5 Rxc1 27.
Qxc1 Qb8 28. Qc5 (28. Nxf7+ $2 Kg8 {[%csl Rf7]}) 28... Kg8 29. Kf1 $14) 25...
Qc7 26. Rc2 Rc8 27. Qd3 Ng4 28. Rc3 Qb7 29. Qd6 Qa8 30. e4 $6 {Wasting time
and creating a target for Black's knight.} (30. Rc5 Nf6 31. Ne5 {The main
target is Pf7!} Rxc5 32. Qxc5 {White has winning chances thanks to more active
pieces. The following fascinating lines show that Black should hold with
precise play.} Kg8 33. Qe7 Qd5 (33... Qf8 34. Qa7 $16) (33... Qe8 34. Qa7 $16)
(33... Qe4 34. Qxf7+ Kh7 35. Qxe6 Qb1+ 36. Kg2 Qe4+ 37. Kh3 Qb1 38. g4 $1 {
The duo queen + knight is dangerous for both sides. If White wants to get
winning chances, he has to risk a bit!} Qf1+ 39. Kg3 Ne4+ 40. Kf4 Nxf2 41. Qf5+
Kg8 42. Kg3 Qg1+ 43. Kf3 Qf1 $1 44. Qc8+ Kh7 45. Qc2+ Nd3+ 46. Kg3 Qg1+ 47. Kh4
Qf2+ 48. Qxf2 Nxf2 49. Kg3 Nd1 {Black returns the pawn, but even here White
retains winning chances, as his king is more active.}) 34. Qxf7+ Kh7 35. Qg6+
Kg8 36. Nf7 Ne4 $1 37. Nxh6+ Kh8 38. Nf7+ Kg8 39. Kg2 $1 Ng5+ (39... Nd2+ 40.
Kh3 Nf3 41. e4 Qc4 $8 42. Kg4 $1 Qe2 43. Kf4 $1 Qxf2 44. Nh6+ Kh8 45. Ng4 e5+
$1 46. Kf5 Nh4+ 47. Kg5 Nf3+ 48. Kh5 Qe2 $1 49. h4 Nh2 {White can't win here
because of the pin.}) 40. e4 Nxe4 41. f3 Qd2+ 42. Kh3 Nf2+ 43. Kh4 {[%tqu "En",
"It won't be easy to spot the right move. You are invited to try.","","",
"f2h1","",10]} Nh1 $3 44. h3 (44. Ng5 Qxh2+ 45. Nh3 Nf2 46. Qxe6+ Kh7 $11)
44... Qd4+ 45. f4 Nxg3 $1 46. Nh6+ Kh8 47. Qxg3 Qf6+ 48. Qg5 Qxh6+ 49. Kg4 Qf6
$11 {Of course, all these lines can't be calculated by a human player, but
show the potential of this seemingly calm position.}) 30... Nf6 {Now White has
to protect the pawn and weaken the residence of his king.} 31. f3 a5 32. Qc5 b4
33. Rc4 Qa6 {Threatening 34...Nd7. Black is okay.} 34. b3 $8 Kh7 35. Qd6 a4 36.
Rc2 axb3 37. axb3 Qa1+ 38. Kg2 Qb1 39. Qd2 Qxb3 40. Nxb4 Rb8 1/2-1/2

[Event "SUI-chT"]
[Site "Switzerland"]
[Date "2017.09.03"]
[Round "7.1"]
[White "Prusikin, Michael"]
[Black "Sokolov, Andrei"]
[Result "1-0"]
[WhiteElo "2521"]
[BlackElo "2499"]
[Annotator "Prusikin,M"]
[PlyCount "109"]
[EventDate "2017.03.19"]
[EventType "team-swiss"]
[EventRounds "9"]
[EventCountry "SUI"]
[SourceTitle "EXT 2018"]
[Source "ChessBase"]
[SourceDate "2017.10.13"]
[SourceVersion "1"]
[SourceVersionDate "2017.10.13"]
[SourceQuality "1"]
[WhiteTeam "Wollishofen"]
[BlackTeam "Geneve"]
[WhiteTeamCountry "SUI"]
[BlackTeamCountry "SUI"]

1. d4 Nf6 2. c4 e6 3. Nc3 Bb4 4. e3 O-O 5. Bd3 d5 6. Nf3 c5 7. O-O Nc6 8. cxd5
exd5 9. dxc5 Bxc5 10. h3 Qe7 11. b3 Rd8 12. Bb2 Ne4 13. Ne2 Bf5 14. Rc1 Rac8 (
14... Nxf2 15. Rxf2 Bxd3 16. Rxc5 Bxe2 17. Qxe2 Qxc5 18. Ng5 d4 19. Qh5 h6 20.
Qxf7+ Kh8 21. Ne6 Qe5 22. exd4 Nxd4 23. Nxd8 Rxd8 24. Qc4 (24. Qxb7 $1) 24...
Qe3 25. Bxd4 Rxd4 26. Qc8+ Kh7 27. Qf5+ Kh8 28. Qc8+ Kh7 29. Qf5+ {1/2-1/2 (29)
Tomashevsky,E (2695)-Radjabov,T (2724) Dubai 2014}) 15. Ned4 $6 (15. Nf4 $1 {
1-0 (79) Naiditsch,A (2716)-Adams,M (2725) Baden-Baden 2013 CBM 153 [Krasenkow,
M]}) 15... Bg6 $6 (15... Nxd4 16. Bxd4 (16. Nxd4 Bxd4 17. Bxd4 Rxc1 18. Qxc1
Ng3 $11) 16... Bb4 17. Rxc8 Rxc8 18. Qa1 Rc6 19. Bxa7 Bc3 20. Qd1 Rg6 21. Kh1
Qe6 22. Nh4 Bxh3 23. Nxg6 Bxg2+ 24. Kxg2 Qxg6+ 25. Kh3 Qh6+ 26. Kg2 {½-½ (26)
Schulze,G (1938)-Noeth,D (2198) GER email 2014}) 16. Qe2 (16. Nxc6 $5) 16...
Nxd4 (16... Bd6 $1) 17. Nxd4 Ba3 $2 {[#]} 18. Rxc8 $1 Rxc8 19. Qg4 $1 (19. Bxe4
$5 dxe4 20. Bxa3 Qxa3 21. Qd2 $14) 19... Rd8 20. Nf5 $1 Qe6 $2 (20... Qd7 21.
Bxa3 (21. Nh6+ gxh6 22. Qxd7 Rxd7 23. Bxa3 Rc7 24. Rd1 Nc3 25. Rd2 $14) 21...
Bxf5 22. Qf4 $14) 21. Qh4 $1 Nf6 $8 22. Nh6+ $1 gxh6 (22... Kh8 23. Bxg6 fxg6
24. Bxa3 gxh6 25. Rc1 $18) 23. Bxf6 Rd6 {[#]} 24. Ba1 $1 Bxd3 25. Qd4 f6 26.
Qxd3 a6 27. Rd1 Rc6 $1 28. Qd4 (28. Kh2 $1) 28... Be7 29. Qf4 Kg7 30. Qg3+ Kf7
31. Qf3 Kg6 $2 (31... Rc5) 32. Qg3+ $2 (32. Rxd5 $18) 32... Kf7 33. Bd4 Qf5 34.
a4 (34. Qb8 $5) 34... Qc2 $2 {Mit Remisangebot.} (34... Rc2 35. Rf1 Rc8 36. Qg4
Qxg4 37. hxg4 $14) 35. Qf3 $18 Qxb3 36. a5 Rc2 37. Rf1 (37. Qh5+ $18) 37... Qc4
38. Qf5 Rc1 (38... Kg7 39. Qe6 Qc7 40. Bb6 Qd6 41. Qg4+ Kh8 42. Qh5 $18) 39.
Qxh7+ Ke6 40. Rxc1 Qxc1+ 41. Kh2 Bd6+ 42. g3 (42. f4 $4 Bxf4+) 42... Qc7 43.
Qg8+ $1 (43. Qxh6 Bxg3+ $1) 43... Qf7 44. Qc8+ Qd7 45. Qg8+ Qf7 46. Qc8+ Qd7
47. Qh8 $1 Be5 48. Bxe5 Kxe5 (48... fxe5 49. Qxh6+ Kf7 (49... Kf5 50. f3 $18)
50. Qh7+ Ke6 51. Qxd7+ Kxd7 52. h4 $18) 49. Qxh6 Ke6 50. Qf4 Kf7 51. g4 Qd8 52.
g5 (52. Qb4 $1) 52... Qxa5 (52... b5 53. axb6 Qxb6 54. Kg3 $18) 53. Qxf6+ Kg8
54. Qe6+ Kg7 55. Qe7+ 1-0

[Event "Hawaii op"]
[Site "Honolulu"]
[Date "1997.04.23"]
[Round "9"]
[White "Psakhis, Lev"]
[Black "Saidy, Anthony Fred"]
[Result "1-0"]
[WhiteElo "2610"]
[BlackElo "2415"]
[Annotator "Psakhis,L"]
[PlyCount "129"]
[EventDate "1997.04.??"]
[EventType "swiss"]
[EventRounds "11"]
[EventCountry "USA"]
[SourceTitle "EXT 1998"]
[Source "ChessBase"]
[SourceDate "1997.11.17"]
[SourceVersion "1"]
[SourceVersionDate "1997.11.17"]
[SourceQuality "1"]

1. c4 e6 2. d4 d5 3. Nc3 Be7 4. Nf3 Nf6 5. Bf4 O-O 6. e3 Nbd7 7. h3 dxc4 $5 (
7... c6 $5 8. a3 a6 9. Rc1) 8. Bxc4 c5 9. dxc5 (9. O-O $5 cxd4 10. exd4 Nb6 11.
Bb3 Nbd5 12. Be5) 9... Bxc5 10. O-O Qe7 11. e4 (11. Rc1 e5 12. Bg5) 11... e5
12. Bg5 Nb6 (12... h6 $5 13. Nd5 (13. Bh4) 13... Qd8 14. Nxf6+ Nxf6 15. Qxd8
Rxd8 16. Bxf6 gxf6 17. Rac1 Bb6 18. Bd5 Rb8 $13) 13. Bb3 Rd8 14. Qe2 h6 (14...
Be6 $5) 15. Bxf6 Qxf6 16. Rfd1 Bd7 (16... Be6 $1 17. Bxe6 Qxe6 18. Qb5 Bd4 $1
$11) 17. Rd3 Bc6 18. Rad1 Be7 19. Nh2 Be8 20. Ng4 Qg5 21. Rf3 (21. h4 $142 $5
Qxh4 22. Rh3 (22. Nxe5 Rxd3 23. Rxd3 Qg5 $11) 22... Qg5 23. Nxh6+ gxh6 24. Rg3
Qxg3 25. fxg3 Rxd1+ 26. Qxd1 Rd8 27. Qg4+ Bg5 28. Qf5) 21... Rxd1+ 22. Qxd1 Rd8
23. Nd5 (23. Qe1 Qd2) 23... Nxd5 24. Bxd5 Bc6 $5 (24... h5 25. Ne3 (25. Rf5
Rxd5 $1 26. Qxd5 Qc1+ 27. Kh2 hxg4 28. Qxe5 Bd7 29. Qxe7 Bxf5 30. exf5 Qf4+ $11
) 25... Qg6 26. Rf5) 25. Bxf7+ Kh8 26. Qe1 (26. Bd5 $5 Bxd5 27. exd5 e4 28. Re3
Qxd5 29. Qxd5 Rxd5 30. Rxe4 Rd1+ 31. Kh2 Bd6+ 32. f4) (26. Qb1 $6 Rd4 27. Rf5
Bxe4 $1 28. Rxg5 $140 Bxb1 29. Rxe5 Rd1+ 30. Kh2 Bd6 $17) 26... Qd2 (26... Rd4
27. Bd5 Bxd5 28. exd5 e4 29. Rc3 Qxd5 30. Ne3 Qxa2 31. Nf5 $36) 27. Qxd2 Rxd2
28. Bg6 $1 (28. Nxe5 $2 Rd1+ 29. Kh2 Bd6 30. Rf5 Bxe4) 28... Bd6 (28... Rxb2
29. Nxe5 $1 Bd6 30. g3) 29. Ne3 (29. g3 Kg8 $1) 29... Rd4 (29... b5 30. Nf1
Rxb2 31. Rc3 Bb7 32. Rd3 Bf8 33. Rd8 Kg8 34. Bf5 $18) 30. g3 Bxe4 (30... Bc5
31. Rf7) 31. Bxe4 Rxe4 32. Rf7 Bc5 33. Rxb7 a6 (33... Bxe3 34. fxe3 Rxe3 35.
Rxa7 (35. Kf2 Rd3 36. a4 a6) 35... Rxg3+ 36. Kh2 (36. Kf2 $2 Rxh3 37. b4 Rh2+
38. Ke3 Rb2) 36... Rd3 37. b4 Rd2+ 38. Kg3 Rb2 39. a3 Kh7 40. Kg4 $1) 34. Kg2 (
34. Rb3 $5 $16) 34... Bxe3 35. Kf3 Ra4 36. fxe3 $1 Rxa2 37. Ke4 Ra5 38. h4 $1 {
Very unpleasant move for a Black.Their King now can't escape from the cage.}
Kh7 (38... g6 39. b4 (39. g4 Ra4+) 39... Ra3 40. g4 Rb3 (40... a5 41. b5 Ra4+
42. Kxe5 Rxg4 43. b6 $18) 41. h5 $5 (41. Kxe5 Rxe3+ 42. Kf6 Re4 43. g5 hxg5 44.
hxg5 Kg8 45. Kxg6 Kf8 46. Kf5 Re1 47. g6 Rf1+ 48. Ke5 Re1+ 49. Kd5 Rg1 50. g7+
Kg8 51. Kc4) 41... a5 (41... gxh5 42. gxh5 a5 43. b5 a4 44. Kd5 Rxe3 45. Ra7
Rb3 46. Kc5) 42. b5 Rb4+ 43. Kxe5 Rxg4 44. b6 Rb4 45. hxg6 $18) 39. h5 Rc5 (
39... Ra1 40. g4 Rg1 41. Kf5) 40. g4 (40. Kf5 $2 e4+ $1) 40... a5 41. Kf5 a4
42. Ra7 Rb5 43. Rxa4 Rxb2 44. Kxe5 Rg2 45. Rf4 Ra2 46. e4 Ra5+ (46... g5 $1 47.
Rf7+ Kg8 48. Rb7 Rf2) 47. Ke6 Ra6+ 48. Kf5 Rf6+ 49. Ke5 Ra6 50. Rf8 Ra5+ 51.
Kf4 Ra1 52. Rb8 Rf1+ 53. Ke3 Rg1 54. e5 $1 $18 Re1+ (54... Rxg4 55. e6 Rg5 56.
Kf4 Rg1 57. e7) 55. Kd4 Rd1+ 56. Kc5 Rc1+ 57. Kd6 Rd1+ 58. Ke7 Rg1 59. e6 Rxg4
60. Kd6 Rd4+ 61. Ke5 Rd1 62. e7 Re1+ 63. Kd6 Rd1+ 64. Kc5 Rc1+ 65. Kd4 1-0